000
00215nam a2200097Ia 4500
008
220204s9999 xx 000 0 und d
082
_a
82-3
_b
WIL
100
_a
Wilson, Steve
245
0
_a
Dealer's wheels
942
_c
BK
999
_c
37764
_d
37764